000 00734nam a2200181Ia 4500
008 090124s9999 xx 000 0 und d
082 _b24818
_a3145
100 _aकोटक विजु
245 _a आंबेडकर तत्त्वज्ञान प्रचिती आणि अविष्कार
250 _a1
260 _c1981
300 _a191
600 _aकोटक विजु
630 _a आंबेडकर तत्त्वज्ञान प्रचिती आणि अविष्कार
700 _aकोटक विजु
730 _a आंबेडकर तत्त्वज्ञान प्रचिती आणि अविष्कार
942 _cBOOK
999 _c138362
_d138362